• 首页
  • 本馆介绍
  • 公告通知
  • 最新文献
  • 馆藏检索
  • 电子资源
  • 读者导购
  • 参考咨询
  • 我的图书馆
  • 登录
  • 详细信息显示
  • 放入我的书架
  • 预约/预借图书
  • 作者相关作品
  • 分类相关作品
  • 丛书相关作品
  • 出版社相关作品

书目信息

  • 表格格式
  • 工作单格式
  • 卡片格式
题名:
空间解析几何引论习题解答
    
 
作者: ;武汉师范学院孝感分院数学系 编
分册:  
出版信息:    1980.05
页数: 304页
开本: 19cm
丛书名:
单 册:
中图分类: O182.2
科图分类:
主题词: 拓扑 , 几何
电子资源:
ISBN:
000 00619nam0 2200181 450
001 0630194922
005 20060921174148.06
100    @a20060818d1980 km y0chiy0120 ea
101 0  @achi
200 1  @a空间解析几何引论习题解答@Akong jian jie xi ji he yin lun xi ti jie da@f武汉师范学院孝感分院数学系编@Fwu han shi fan xue yuan xiao gan fen yuan shu xue xi bian
210    @d1980.05
215    @a304页@d19cm
606 0  @a拓扑
606 0  @a几何
690    @aO182.2@v3
711  0 @a武汉师范学院孝感分院数学系@Awu han shi fan xue yuan xiao gan fen yuan shu xue xi@4编
801  0 @aCN@bPFT@c20060921
905    @a10447@dO182.2@e13(+)
    
    空间解析几何引论习题解答/武汉师范学院孝感分院数学系编.-1980.05
    304页;19cm
    
    
    ISBN :
    
●
相关链接 在E读中查询图书 在五车中查询图书 在当当中查询图书 在豆瓣中查询图书


正题名:空间解析几何引论习题解答     索取号:O182.2/13(+)         预约/预借

序号 登录号 条形码 馆藏地/架位号 状态 备注
1 0443753   204437537   密集书库/ [索取号:O182.2/13(+)] 在馆    
2 0468553   204685536   密集书库/ [索取号:O182.2/13(+)] 在馆    
唐山师范学院图书馆 欢迎您!
大连网信软件有限公司© 版权所有